000 nam a22 7a 4500
999 _c23551
_d23551
008 170126b xxu||||| |||| 00| 0 eng d
050 _aND 1265 .B67 1965
100 _aBowness, Alan.
_d1965
245 _aGreat art and artists of the world:
_bImpressionists and post-impressionists/
260 _aLondon:
_bGrolier incorporated,
_c1965.
300 _a296p.:
_bill.;
_c25cm.
521 _aIncludes index.
942 _2lcc
_cBOOKS
_hND 1265 .B67 1965